000 00919nam a2200241 i 4500
001 180225
003 ES-MaACL
005 20250805005659.0
008 120521s1993 sp |||| | spa d
020 _a84-7506-385-3(V.4)
080 _a821.134.2-2"15"
100 1 _aVega, Lope de,
_d1562-1635
_9113563
245 1 0 _aComedias.
_nIV /
_cLope de Vega.
260 _aMadrid :
_bTurner,
_c1993.
300 _aXIV, 981 p. ;
_c22 cm.
490 1 _aBiblioteca Castro
490 1 _aObras completas de Lope de Vega ;
_v4
505 8 _aContiene:El perseguido. La serrana de Tormes. Jorge toledano. El casamiento en la muerte. El enemigo engañado. El mármol de Felisardo. La bella malmariada. La francesilla. El galán escarmentado. El remedio en la desdicha.
830 0 _aBiblioteca Castro
_9178957
830 0 0 _aObras completas de Lope de Vega
_v4
_9191211
852 _aES-MaACL
_jL-29838
999 _c180225
_d180225